The monasteries of the Fayyūm /

Saved in:

Main Author: Abbott, Nabia, 1897-1981 (Author)

Format: Book

Language: English

Published: Chicago, Ill. : The University of Chicago Press, [1937].

Series: Studies in Ancient Oriental Civilization ; 16.
SAOC ; 16.

Subjects:

Tags: Add Tag

No Tags, Be the first to tag this record!

Call Number: DS57 .C5 v.16

LEADER 01217namaa2200313 4500
001 12542
003 OSt
005 20241015104740.0
008 130303s1937 iluab b 000 0 eng d
952 |0 0  |1 0  |2 lcc  |3 V.16  |4 0  |6 DS0057 C5 V.00016  |7 1  |9 16218  |a ARCE  |b ARCE  |d 2021-06-17  |l 0  |o DS57 .C5 v.16  |p 1006401  |r 2021-06-17 00:00:00  |w 2021-06-17  |y BK 
999 |c 12768  |d 12768 
010 |a a 37000950 
040 |c ARCE Library 
043 |a f-ua--- 
050 4 |a DS57 .C5 v.16 
100 1 |a Abbott, Nabia,  |d 1897-1981,  |e author 
245 1 4 |a The monasteries of the Fayyūm /  |c by Nabia Abbott. 
264 1 |a Chicago, Ill. :  |b The University of Chicago Press,  |c [1937]. 
300 |a 66 pages :  |b illustrations, map ;  |c 25 cm. 
490 1 |a Studies in Ancient Oriental Civilization ;   |v 16. 
490 1 |a SAOC ;   |v 16. 
500 |a "Reprinted from the American Journal of Semitic Languages and Literature. Vol. L III, 1936/37, pp. 13-33, 73-96, 158-79."  
504 |a Includes bibliographical footnotes.  
650 0 |a Manuscripts, Arabic  |z Egypt  |z Fayyūm. 
650 0 |a Monasteries  |z Egypt  |z Fayyūm. 
830 0 |a Studies in Ancient Oriental Civilization ;   |v 16. 
830 0 |a SAOC ;   |v 16. 
901 |a reviewed 
942 |c BK  |2 lcc